Menggapai impian (Record no. 55296)

MARC details
000 -LEADER
fixed length control field 00733nam a2200265 i 4500
001 - CONTROL NUMBER
control field C2-0240041
003 - CONTROL NUMBER IDENTIFIER
control field PPAK
005 - DATE AND TIME OF LATEST TRANSACTION
control field 20180727202814.0
008 - FIXED-LENGTH DATA ELEMENTS--GENERAL INFORMATION
fixed length control field 020713s2002 my a|||| ||||| | may d
020 ## - INTERNATIONAL STANDARD BOOK NUMBER
International Standard Book Number 9830222322
040 ## - CATALOGING SOURCE
Original cataloging agency PPAK
Language of cataloging eng
Transcribing agency PPAK
Description conventions rda
082 04 - DEWEY DECIMAL CLASSIFICATION NUMBER
Classification number 899.233
Edition number 23
090 00 - LOCALLY ASSIGNED LC-TYPE CALL NUMBER (OCLC); LOCAL CALL NUMBER (RLIN)
Classification number (OCLC) (R) ; Classification number, CALL (RLIN) (NR) 899.233
Feature heading WAN
Feature heading K
100 0# - MAIN ENTRY--PERSONAL NAME
Personal name Wan Nor Saedah,
Relator term author
245 10 - TITLE STATEMENT
Title Menggapai impian
264 #1 - PRODUCTION, PUBLICATION, DISTRIBUTION, MANUFACTURE, AND COPYRIGHT NOTICE
Place of production, publication, distribution, manufacture Seri Kembangan, Selangor :
Name of producer, publisher, distributor, manufacturer Pustaka Pepada Jaya ,
Date of production, publication, distribution, manufacture, or copyright notice 2002
300 ## - PHYSICAL DESCRIPTION
Extent 94 pages :
Other physical details illustrations ;
Dimensions 19 cm
336 ## - CONTENT TYPE
Source rdacontent
Content type term text
337 ## - MEDIA TYPE
Source rdamedia
Media type term unmediated
338 ## - CARRIER TYPE
Source rdacarrier
Carrier type term volume
490 1# - SERIES STATEMENT
Series statement Siri novel era
650 10 - SUBJECT ADDED ENTRY--TOPICAL TERM
Topical term or geographic name entry element Children's stories, Malay
830 #0 - SERIES ADDED ENTRY--UNIFORM TITLE
Uniform title Siri novel era
942 ## - ADDED ENTRY ELEMENTS (KOHA)
-- dc
Koha item type Book
Holdings
Withdrawn Not for loan Current library Shelving location Date acquired Full call number Barcode Date last seen Koha item type Total Checkouts Date last checked out
    Perpustakaan Alor Setar Pinjaman Kanak-kanak 16/07/2002 K 899.233 WAN A01011882 08/05/2018 Book    
    Perpustakaan Jitra Pinjaman Kanak-kanak 16/07/2002 K 899.233 WAN A01011884 08/05/2018 Book    
    Perpustakaan Kulim Pinjaman Kanak-kanak 02/01/2003 K 899.233 WAN A01020115 21/09/2019 Book 1 14/09/2019
    Perpustakaan Kulim Pinjaman Kanak-kanak 02/01/2003 K 899.233 WAN A01020116 23/07/2023 Book 1 22/07/2023
    Perpustakaan Kulim Pinjaman Kanak-kanak 16/07/2002 K 899.233 WAN A01011886 08/05/2018 Book    
    Perpustakaan Yan Pinjaman Kanak-kanak 16/07/2002 K 899.233 WAN A01011887 08/05/2018 Book    
    Bergerak 1, Alor Setar Pinjaman Kanak-kanak 16/07/2002 K 899.233 WAN A01011890 08/05/2018 Book    
    Bergerak 3, Baling Pinjaman Kanak-kanak 16/07/2002 K 899.233 WAN A01011892 08/05/2018 Book    
    Bergerak 5, Kulim Pinjaman Kanak-kanak 16/07/2002 K 899.233 WAN A01011894 08/05/2018 Book    
    Bergerak 5, Kulim Pinjaman Kanak-kanak 16/07/2002 K 899.233 WAN A01011899 08/05/2018 Book    
    PD12, Kg. Padang, Baling Pinjaman Kanak-kanak 16/07/2002 K 899.233 WAN A01011896 08/05/2018 Book    
    PD14, Felda Sungai Tiang, Pendang Pinjaman Kanak-kanak 16/07/2002 K 899.233 WAN A01011898 08/05/2018 Book    
    PD20, Felda Lubuk Merbau, Pendang Pinjaman Kanak-kanak 16/07/2002 K 899.233 WAN A01011900 08/05/2018 Book    
    PD23, Taman Mas Merah, Titi Gajah, Alor Setar Pinjaman Kanak-kanak 16/07/2002 K 899.233 WAN A01011901 08/05/2018 Book    
    PD27, Kg. Bendang Bukit, Pendang Pinjaman Kanak-kanak 16/07/2002 K 899.233 WAN A01011904 08/05/2018 Book